| Tag |
First Indicator |
Second Indicator |
Subfields |
| LEADER |
00000cam a2200000Ia 4500 |
| 001 |
in00001644421 |
| 005 |
20151023115215.0 |
| 008 |
010622s2000 sp a j 000 1 spa d |
| 020 |
|
|
|a 8448809580
|
| 035 |
|
|
|a (OCoLC)ocm47179294
|
| 040 |
|
|
|a LPU
|c LPU
|d TXA
|d UtOrBLW
|
| 049 |
|
|
|a TXAM
|
| 090 |
|
|
|a PZ73
|b .P44 2000
|
| 100 |
1 |
|
|a Pellicer, Miquel.
|
| 245 |
1 |
0 |
|a Dónde está el pequeño príncipe? /
|c Pellicer & Jan.
|
| 264 |
|
1 |
|a Barcelona :
|b Beascoa,
|c [2000]
|
| 264 |
|
4 |
|c ©2000
|
| 300 |
|
|
|a 1 volume (unpaged) :
|b color illustrations ;
|c 32 cm.
|
| 336 |
|
|
|a text
|b txt
|2 rdacontent
|
| 337 |
|
|
|a unmediated
|b n
|2 rdamedia
|
| 338 |
|
|
|a volume
|b nc
|2 rdacarrier
|
| 650 |
|
0 |
|a Picture puzzles.
|
| 650 |
|
1 |
|a Colors
|v Fiction.
|
| 700 |
0 |
|
|a Jan,
|e illustrator.
|
| 948 |
|
|
|a cataloged
|b h
|c 2002/1/28
|d c
|e jgreene
|f 3:42:25 pm
|
| 994 |
|
|
|a E0
|b TXA
|
| 999 |
|
|
|a MARS
|
| 999 |
f |
f |
|s 269ed4be-3e79-38bc-b5de-0761afad5904
|i 67ca3047-2da8-3a5d-afa9-573db9000bff
|t 0
|
| 952 |
f |
f |
|p ric
|a Texas A&M University
|b Rellis Campus
|c Joint Library Facility
|d Remote Storage
|t 0
|e PZ73 .P44 2000
|f Oversize
|h Library of Congress classification
|i unmediated -- volume
|m A14828525712
|
| 998 |
f |
f |
|a PZ73 .P44 2000
|t 0
|l Remote Storage
|